000 00489nam a22001697a 4500
003 BD-ChCU
005 20260104091858.0
008 260104b bg ||||| |||| 00| 0 ben d
040 _cBD-ChCU
082 _a305.2 STA
100 _aU.S Deptt.of Health & Human Services
_918534
245 _aThe status children youth and families 1979/
_cU.S Deptt.of Health & Human Services
260 _aUSA:
_bHUS:
_c1979
300 _a251p.
650 0 _aChildren Youth
_918535
942 _2ddc
_cBK
_n0
999 _c110659
_d110659